| 000 | 00960nam a2200253Ia 4500 | ||
|---|---|---|---|
| 001 | 18157 | ||
| 003 | GE_BSU | ||
| 008 | 181216s||||||||xx |||||||||||||| ||und|| | ||
| 020 | _a978-9941-0-1689-9 | ||
| 040 | _cGE_BSU | ||
| 080 | _a811.353.1'36 | ||
| 100 | _aკვანტალიანი, ლეილა | ||
| 245 | _aსილოვან ხუნდაძის გრამატიკული ნაშრომები | ||
| 245 | _cრედ. ჟ. ფეიქრიშვილი | ||
| 260 | _aთბილისი | ||
| 260 | _c2009 | ||
| 300 | _a80გვ. ; 20სმ | ||
| 520 | _aბიბლიოგრ. ტექსტ. შენიშვნ. | ||
| 541 | _h4ლ. | ||
| 653 | _aსილოვან ხუნდაძის გრამატიკული ნაშრომები | ||
| 653 | _aქართული ენა | ||
| 653 | _aქართული ენის გრამატიკა | ||
| 942 | _cBK | ||
| 999 |
_c51198 _d51198 |
||